Science connections/ (Record no. 9528)
[ view plain ]
| 000 -LEADER | |
|---|---|
| fixed length control field | 00599nam a22002057a 4500 |
| 003 - CONTROL NUMBER IDENTIFIER | |
| control field | OSt |
| 005 - DATE AND TIME OF LATEST TRANSACTION | |
| control field | 20260421024457.0 |
| 008 - FIXED-LENGTH DATA ELEMENTS--GENERAL INFORMATION | |
| fixed length control field | 260421b |||||||| |||| 00| 0 eng d |
| 020 ## - INTERNATIONAL STANDARD BOOK NUMBER | |
| International Standard Book Number | 0-675-06618-2 |
| 040 ## - CATALOGING SOURCE | |
| Original cataloging agency | DWC-Main lib. |
| Transcribing agency | OC |
| 082 ## - DEWEY DECIMAL CLASSIFICATION NUMBER | |
| Classification number | Circ. 500 S27 1990 |
| 100 ## - MAIN ENTRY--PERSONAL NAME | |
| Personal name | Feather, Ralph M. Jr. |
| 245 ## - TITLE STATEMENT | |
| Title | Science connections/ |
| Statement of responsibility, etc. | Ralph M. Feather Jr. |
| 260 ## - PUBLICATION, DISTRIBUTION, ETC. | |
| Place of publication, distribution, etc. | U.S.A. : |
| Name of publisher, distributor, etc. | Merrill pub. company, |
| Date of publication, distribution, etc. | c1990 |
| 300 ## - PHYSICAL DESCRIPTION | |
| Extent | x 566 p. : |
| Other physical details | illustration ; |
| Dimensions | 26 cm. |
| 504 ## - BIBLIOGRAPHY, ETC. NOTE | |
| Bibliography, etc. note | Include index. |
| 700 ## - ADDED ENTRY--PERSONAL NAME | |
| Personal name | Ortleb, Edward P. |
| 700 ## - ADDED ENTRY--PERSONAL NAME | |
| Personal name | Blume, Stephen C. |
| 942 ## - ADDED ENTRY ELEMENTS (KOHA) | |
| Source of classification or shelving scheme | Dewey Decimal Classification |
| Koha item type | Book Circulation |
| Classification part | Circ. |
| Suppress in OPAC | No |
| 952 ## - LOCATION AND ITEM INFORMATION (KOHA) | |
| -- | |
| 952 ## - LOCATION AND ITEM INFORMATION (KOHA) | |
| -- | |
| 952 ## - LOCATION AND ITEM INFORMATION (KOHA) | |
| -- | |
| Withdrawn status | Lost status | Source of classification or shelving scheme | Damaged status | Not for loan | Home library | Current library | Shelving location | Date acquired | Source of acquisition | Total Checkouts | Full call number | Barcode | Date last seen | Copy number | Price effective from | Koha item type | Uniform Resource Identifier |
|---|---|---|---|---|---|---|---|---|---|---|---|---|---|---|---|---|---|
| Dewey Decimal Classification | College Library | College Library | Circulation | 04/21/2026 | Donation | Circ. 500 S27 1990 | CL32808 | 04/21/2026 | c1 | 04/21/2026 | BK-CIRC | ||||||
| Dewey Decimal Classification | College Library | College Library | Circulation | 04/21/2026 | Donation | Circ. 500 S27 1990 | CL32809 | 04/21/2026 | c2 | 04/21/2026 | BK-CIRC | ||||||
| Dewey Decimal Classification | College Library | College Library | Circulation | 04/21/2026 | Donation | Circ. 500 S27 1990 | CL32810 | 04/21/2026 | c3 | 04/21/2026 | BK-CIRC |